000 00654nam a2200181Ia 4500
008 090201s9999 xx 000 0 und d
010 _aKPL-70415
020 _a81-7185-602-0
040 _bमराठी
041 _aमराठी
082 _a49992
_b70415
100 _aविजय तेंडुलकर
245 _aचिरंजीव सौभाग्यकांक्षिणी
_cविजय तेंडुलकर
260 _c2005
_bपॉप्युलर प्रकाशन
300 _a95
_bमध्यम
600 _aचिरंजीव सौभाग्यकांक्षिणी
942 _cBOOK
999 _c246547
_d246547